000 00467nam a2200181Ia 4500
001 14392
005 20260306164910.0
008 260306t1998||||xx |||||||||||||| ||spa||
041 _aESP
082 _a512.5
_bS21
100 _aSanz, Paloma
_eAUT
245 0 _aProblemas de álgebra lineal:
_bcuestiones, ejercicios y tratamiento en DERIVE
260 _c1998
300 _a543 páginas :
_c27 cm.
650 _aGEN
654 _aCMA
942 _cLIB
_dJUS
_fJUS
_2ddc
_n
999 _c14392
_d14392